Plus ou moins de 100 ans? - Mort Subite#2 - Statistiques

Statistiques générales
  • Ce quiz a été pris 219 fois
  • Le résultat moyen est 3 sur 8
Answers on the Grid
Answers color-coded by a green-red scale on the quiz's grid according to % correct below.
Plus vieille tortue géante
Longévité d'Élisabeth II
Invention de la brosse de toilette
Date décès de Théodore Roosevelt
Création de Volkswagen
Entreprise Citroën
Invention de la dynamite
Croque-Monsieur
Plus vieux rat-taupe nu
Invention du four à micro-ondes
Invention allumettes
Stéthoscope
Date décès de Freud
Plus vieux poisson rouge
Taille-crayon
Indépendance de l'île Maurice
 
Statistiques - réponses
Réponse % Correct
Plus vieille tortue géante
87%
Invention de la dynamite
46%
Entreprise Citroën
33%
Invention allumettes
29%
Date décès de Théodore Roosevelt
23%
Stéthoscope
23%
Croque-Monsieur
19%
Taille-crayon
18%
Aucun quiz correspondant
Distribution des résultats
% des personnes avec chaque résultat
Percentile par nombre de réponses
Votre historique - résultats
Vous n’avez pas pris ce quiz